LEADER 00728nam0 22002533i 450 001 996300048603316 005 20190704101035.0 010 $a9782709636711 100 $a20150122d2012----||||0itac50 ba 101 $afre 102 $aFR 200 1 $aAbus de faiblesse et autres manipulations$fMarie-France Hirigoyen 210 $a[Paris]$cJ.-C. Lattès$d2012 215 $a284 p.$d21 cm 606 0 $aManipolazione$xPsicologia$2BNCF 676 $a153.85 700 1$aHIRIGOYEN,$bMarie France$0254584 801 0$aIT$bsalbc$gISBD 912 $a996300048603316 951 $aXV.19. 71$b269486 lm$cXV.19.$d388728 959 $aBK 969 $aFVAU 996 $aAbus de faiblesse et autres manipulations$91557212 997 $aUNISA LEADER 01403nam a2200349 i 4500 001 991000890729707536 005 20020507102834.0 008 980625s1997 us ||| | eng 020 $a0306457709 035 $ab10144110-39ule_inst 035 $aLE00638652$9ExL 040 $aDip.to Fisica$bita 084 $a53.2.4 084 $a53.2.246 084 $a53.2.248 084 $a621.36 084 $aTA1750.D53 111 2 $aCourse of the International School of Quantum Electronics$0461653 245 10$aDiffractive optics and optical microsystems :$bproceedings of the 20th Course of the International School of Quantum Electronics, held November 14-24, 1996, in Erice, Sicily, Italy /$cedited by S. Martellucci and A.N. Chester 260 $aNew York :$bPlenum Press,$c1997 300 $aix, 422 p. ;$c26 cm. 490 0 $aCourse of the International School of Quantum Electronics ;$v20 500 $aIncludes bibliographical references and index. 650 4$aDiffraction$xCongresses 700 1 $aChester, A.N. 700 1 $aMartellucci, Sergio 907 $a.b10144110$b17-02-17$c27-06-02 912 $a991000890729707536 945 $aLE006 53.2.4 MAR$g1$i2006000069724$lle006$o-$pE0.00$q-$rl$s- $t0$u1$v0$w1$x0$y.i10171459$z27-06-02 996 $aDiffractive optics and optical microsystems$9186286 997 $aUNISALENTO 998 $ale006$b01-01-98$cm$da $e-$feng$gus $h0$i1